|
|
|
|
| LEADER |
00000nab a2200000 a 4500 |
| 001 |
vtls011131312 |
| 003 |
SK-MaSNL |
| 005 |
20260303150851.0 |
| 008 |
230222|1990 xo |||||||||||||||||slo| |
| 015 |
|
|
|a SNBRB
|
| 035 |
|
|
|a (uuid)dae91156-b73b-465a-9ab4-86d1b3365814
|
| 035 |
|
|
|a (urnnbn)urn:nbn:sk:snk:ar-a09l86
|
| 035 |
|
|
|a urn:nbn:sk:snk-aba8zx
|
| 040 |
|
|
|a SNKBUCL
|b slo
|c SNKBUCL
|e AACR2
|
| 041 |
0 |
|
|a slo
|
| 044 |
|
|
|a xo
|c SK
|
| 100 |
1 |
|
|a Polis, Andrejs
|4 aut
|9 1169964
|
| 245 |
1 |
0 |
|a SPÔSOBY POLOHOVANIA FEROMAGNETICKÝCH SÚČIASTOK MAGNETICKÝM POĽOM
|c Andrejs Polis
|
| 773 |
0 |
|
|t Trend VUMA : vedeckotechnický časopis : časopis pre odbory : montáž v strojárstve - elektrické metódy obrábania - ultrazvuk
|g Roč. 21, č. 4 (1990), s. 1-10
|
| 954 |
|
|
|a odborná, vedecká literatúra pôvodná (slovenská)
|2 lita
|
| 958 |
|
|
|a OND
|
| 958 |
|
|
|a EUIPO
|
| 958 |
|
|
|a article13
|
| 999 |
|
|
|c 2014075
|d 2016005
|